|
|
|
|
| LEADER |
00000cam a2200000 7i4500 |
| 001 |
0000002440 |
| 005 |
20030620.0 |
| 020 |
0 |
0 |
|a 9834125208
|
| 090 |
0 |
0 |
|a 674.3
|b PER 2003
|
| 110 |
1 |
0 |
|a PERSATUAN Pengawet Kayu Malaysia
|
| 245 |
1 |
0 |
|a Understanding timber preservation :
|b a guide to timber and its treatment to enhance wood durability
|
| 260 |
0 |
0 |
|a Kuala Lumpur :
|b Malaysian Wood Preserving Association ,
|c 2003
|
| 300 |
|
|
|a 40 p. :
|b ill. ;
|c 30 cm.
|
| 500 |
0 |
0 |
|a Bibliography : p. 34
|
| 650 |
0 |
0 |
|a Wood
|x Preservation
|x Handbooks, manuals, etc.
|
| 710 |
1 |
1 |
|a Malaysian Wood Preserving Association
|
| 998 |
|
|
|a JPSM
|
| 999 |
|
|
|a 0000004550
|b Monograph
|c Open Shelf
|e Default branch
|
| 999 |
|
|
|a 0000004622
|b Monograph
|c Open Shelf
|e Default branch
|